| 000 | 00940nam a22002417a 4500 | ||
|---|---|---|---|
| 999 |
_c21256 _d21256 |
||
| 003 | AR-CdUCM | ||
| 008 | 190326b ||||| |||| 00| 0 spa d | ||
| 040 |
_aMUNICIPALIDAD PROVINCIAL DEL CUSCO _cBIBLIOTECA MUNICIPAL DEL CUSCO |
||
| 082 |
_a510/A41 _bA41 |
||
| 100 |
_aAlmanza Chuchullo, Fortunata Albina _944403 |
||
| 245 | _aLa Yupana Inka en la construcción del pensamiento numérico / | ||
| 260 |
_aCusco ; _bDann'ys Graff, _c2017. |
||
| 300 |
_a142 Páginas. : _bilustraciones ; _c28 cm. |
||
| 505 | _aContenido: Origen de la Yupana -- Uso de la Yupana o tabla de Tiwanaku -- Uso de la Yupana Inca o calculadora Inca -- Actividades con uso de la Yupana Inca ... | ||
| 650 |
_aIncas _9303 |
||
| 650 |
_aInkas _91899 |
||
| 650 |
_aSistema de numeración _942977 |
||
| 650 |
_aMatemática inca _924574 |
||
| 650 |
_aMatemática Inka _944404 |
||
| 700 |
_aPinto Tapia, Miguel Ángel _944405 |
||
| 942 |
_2ddc _cLIBROS |
||
| 945 | _aRoel | ||